Countries of the World 1990 - Statistics

General Stats
  • This quiz has been taken 43 times
  • The average score is 127 of 172
Answers on the Map
Answers color-coded by a green-red scale on the quiz's map according to % correct below.
 
Answer Stats
Answer % Correct
Canada
100%
Soviet Union
95%
United States of America
95%
Yugoslavia
95%
Dominican Republic
90%
Mexico
90%
Norway
90%
Panama
90%
United Kingdom
90%
Albania
86%
Bahamas
86%
Brazil
86%
China
86%
Cuba
86%
Egypt
86%
France
86%
Greece
86%
India
86%
Italy
86%
Mongolia
86%
Peru
86%
Poland
86%
South Africa
86%
Spain
86%
Sudan
86%
Turkey
86%
Argentina
81%
Australia
81%
Belgium
81%
Belize
81%
Bolivia
81%
Chile
81%
Colombia
81%
Czechoslovakia
81%
Denmark
81%
Dominica
81%
East Germany
81%
Ecuador
81%
Ethiopia
81%
Finland
81%
Haiti
81%
Hungary
81%
Ireland
81%
Jamaica
81%
Japan
81%
Libya
81%
Morocco
81%
Pakistan
81%
Paraguay
81%
Romania
81%
Somalia
81%
Sweden
81%
Switzerland
81%
Tunisia
81%
Uruguay
81%
Venezuela
81%
Yemen
81%
Afghanistan
76%
Algeria
76%
Austria
76%
Bhutan
76%
Bulgaria
76%
Cameroon
76%
Chad
76%
Congo
76%
Costa Rica
76%
Guyana
76%
Honduras
76%
Iceland
76%
Indonesia
76%
Iran
76%
Iraq
76%
Israel
76%
Jordan
76%
Kuwait
76%
Laos
76%
Liberia
76%
Malta
76%
Myanmar
76%
Nepal
76%
Netherlands
76%
New Zealand
76%
Niger
76%
Nigeria
76%
North Korea
76%
Oman
76%
Papua New Guinea
76%
Philippines
76%
Portugal
76%
Saudi Arabia
76%
South Korea
76%
Sri Lanka
76%
Syria
76%
Taiwan
76%
Thailand
76%
United Arab Emirates
76%
Vietnam
76%
West Germany
76%
Angola
71%
Bangladesh
71%
Cambodia
71%
Cyprus
71%
El Salvador
71%
Ghana
71%
Guatemala
71%
Guinea
71%
Lesotho
71%
Liechtenstein
71%
Madagascar
71%
Malaysia
71%
Maldives
71%
Mali
71%
Monaco
71%
Nicaragua
71%
Qatar
71%
San Marino
71%
Senegal
71%
Togo
71%
Vatican City
71%
Andorra
67%
Bahrain
67%
Benin
67%
Botswana
67%
Cape Verde
67%
Djibouti
67%
Fiji
67%
Gabon
67%
Guinea-Bissau
67%
Kenya
67%
Lebanon
67%
Luxembourg
67%
Mauritania
67%
Mozambique
67%
Rwanda
67%
Seychelles
67%
Solomon Islands
67%
Uganda
67%
Zaire
67%
Barbados
62%
Burkina Faso
62%
Central African Republic
62%
Comoros
62%
Côte d'Ivoire
62%
Equatorial Guinea
62%
Gambia
62%
Kiribati
62%
Marshall Islands
62%
Mauritius
62%
Micronesia
62%
Saint Lucia
62%
Saint Vincent and the Grenadines
62%
Samoa
62%
Sāo Tomé and Príncipe
62%
Sierra Leone
62%
Singapore
62%
Suriname
62%
Tanzania
62%
Trinidad and Tobago
62%
Tuvalu
62%
Zambia
62%
Zimbabwe
62%
Burundi
57%
Grenada
57%
Malawi
57%
Saint Kitts and Nevis
57%
South Yemen
57%
Swaziland
57%
Tonga
57%
Vanuatu
57%
Antigua and Barbuda
52%
Brunei
52%
Nauru
52%
No matching quizzes found
Score Distribution
Percent of People with Each Score
Percentile by Number Answered
Your Score History
You have not taken this quiz